| 000 | 00860nam a22002297a 4500 | ||
|---|---|---|---|
| 999 |
_c20222 _d20222 |
||
| 003 | AR-CdUCM | ||
| 008 | 190528b ||||| |||| 00| 0 spa d | ||
| 040 |
_aMUNICIPALIDAD PROVINCIAL DEL CUSCO _cBIBLIOTECA MUNICIPAL DEL CUSCO |
||
| 041 | _heng | ||
| 082 |
_a658.01 / _bL86 |
||
| 100 |
_aLothrop, Warren C. _942276 |
||
| 245 | _aInvestigación tecnológica en el comercio y la industria / | ||
| 260 |
_aMéxico, D. F. ;: _bRodas, _c1966. |
||
| 300 |
_a152 págiinas ; _c21 cm. |
||
| 505 | _aContenido: Establecimiento de una perspectiva -- Problemas de las personas -- Problemas de organización -- Influencias ambientales,,, | ||
| 650 |
_aLa ciencia _935943 |
||
| 650 |
_aTecnología _91571 |
||
| 650 |
_aAdministración _922924 |
||
| 700 |
_aDignowity, Lionel (traductor), Gonzáles, Abraham (portada) _942277 |
||
| 942 |
_2ddc _cLIBROS |
||
| 945 | _aAndy | ||